Dictionary of plant virology : in five languages English, Russian, German, French and Spanish /

Uložené v:
Podrobná bibliografia
Hlavní autori: Bojňanský, Vít, 1921- (Author), Fargašová, Agáta, 1950- (Author)
Médium: Kniha
Jazyk:English
Vydané: Bratislava : Veda, 1991
Vydanie:1. vyd.
Témy:
ISBN: 8022400815 (viaz.)
Fyzický popis: 472 s.
Tagy: Pridať tag
Žiadne tagy, Buďte prvý kto otaguje tento záznam!

MARC

LEADER 00000nam a2200000 a 4500
001 000014099
005 20051013123826.0
008 050805s1991 xo e 000 0 engo
020 |a 8022400815 (viaz.) 
040 |a SVKKK  |b slo  |c SVKKK  |e AACR2 
041 0 |a eng 
044 |a xo  |c SK 
072 7 |a 632  |x Ochrana rastlín. Fytopatológia  |2 konspekt 
080 |a 578  |2 1997 
080 |a 632.38  |2 1997 
080 |a 81`374.823  |2 1997 
080 |a (038)  |2 1997 
100 1 |a Bojňanský, Vít,  |d 1921-  |4 aut 
245 1 0 |a Dictionary of plant virology :  |b in five languages English, Russian, German, French and Spanish /  |c Vít Bojňanský, Agáta Fargašová 
250 |a 1. vyd. 
260 |a Bratislava :  |b Veda,  |c 1991 
300 |a 472 s. 
650 0 7 |a rastlinná virológia  |2 SVKKKPH 
655 7 |a viacjazyčné slovníky  |2 SVKKKPH 
655 7 |a slovníky  |2 SVKKKPH 
700 1 |a Fargašová, Agáta,  |d 1950-  |4 aut 
919 |a 80-224-0081-5 
998 |a BK 
090 |g SCKHL  |k Sklad Pribinova prízemie  |a IV.160814  |j 838411  |i 2720217627  |s Absenčne 
090 |g SCKHL  |k Sklad Pribinova prízemie  |a IV.160815  |j 838412  |i B24374  |s Absenčne 
090 |g SCKHL  |k Sklad Pribinova prízemie  |a IV.160816  |j 838413  |i B24375  |s Absenčne 
090 |g SCKHL  |k Sklad Pribinova prízemie  |a IV.160817  |j 838414  |i B24376  |s Absenčne 
090 |g SCKHL  |k Sklad Pribinova prízemie  |a IV.161229  |j 840876  |i 2720197797  |s Absenčne